Olympic Medalist Countries in Figure Skating - Statistics

General Stats
  • This quiz has been taken 955 times
    859 since last reset
  • The average score is 19 of 24
Answer Stats
Gold Silver Bronze Country % Correct
15 11 3 Russia
99%
1 0 0 Russian Empire
99%
15 16 20 United States
99%
3 3 1 Japan
96%
6 11 12 Canada
94%
1 3 4 China
92%
8 7 9 Germany / West Germany / East Germany
92%
5 3 7 Great Britain
91%
3 3 7 France
89%
1 1 0 South Korea
85%
5 3 2 Sweden
85%
3 2 1 Norway
83%
0 0 2 Italy
82%
1 1 0 Finland
79%
0 0 1 Spain
74%
13 10 6 Soviet Union
73%
7 9 4 Austria
71%
0 2 1 Switzerland
69%
1 0 1 Ukraine
67%
1 2 0 Netherlands
64%
1 0 1 Belgium
61%
0 0 1 Kazakhstan
48%
0 2 4 Hungary
47%
1 1 3 Czechoslovakia
43%
No matching quizzes found
Score Distribution
Percent of People with Each Score
Percentile by Number Answered
Your Score History
You have not taken this quiz since the last reset